00694naa#a2200169#i#4500001001500000005001700015011001400032100004100046101000800087102000700095200018300102210011800285215001000403608004500413700005200458856001400510RU\\bibl\1423020260515055722.5##a1999-8775##a20150930b2015####ek#y0rusy0150####ca0#aRUS##aRU1#aПРЕОБРАЗОВАНИЕ И СИНТЕЗ КРИВОШИПНО-ШАТУННЫХ МЕХАНИЗМОВ ПОРШНЕВЫХ ДВИГАТЕЛЕЙeЖурнальная статья1#aБрянскcБрянский государственный технический университетd2015##a4 с.##aЖурнальная статья2local#1aЩигарцовgИван Михайлович4#azh-szf.ru